| 000 | 00440nam a22001697a 4500 | ||
|---|---|---|---|
| 005 | 20160521114735.0 | ||
| 008 | 160521b xxu||||| |||| 00| 0 eng d | ||
| 020 | _a0-07-099348-3 | ||
| 041 | _aeng | ||
| 082 | _b3739 | ||
| 100 |
_aRichard Wtleine call R Lopper Puli P.C. Rasenthal _9952 |
||
| 245 | _aPrinciples of Metal Casting | ||
| 260 |
_aNew Delhi _bTMH, _c2003 |
||
| 300 | _a724 | ||
| 650 |
_aDIPLOMA ENGINEERING _9817 |
||
| 942 | _cBK | ||
| 999 |
_c1295 _d1295 |
||